| 000 | 00548cam a2200217 4500 | ||
|---|---|---|---|
| 008 | 090401t1992 xxu||||| |||| 00| 0 eng d | ||
| 020 | _a0582092604 | ||
| 035 | _a(Sirsi) u26786 | ||
| 041 | _aeng | ||
| 050 | _a690.026 | ||
| 245 | _aBuilding law reports. - Volume 56. | ||
| 260 |
_aLondon _bLongman _c1992 |
||
| 300 | _avi,150p. ; 23cm. | ||
| 350 | _a0 | ||
| 650 | _aBUILDING INDUSTRY | ||
| 650 | _aLAW REPORTS | ||
| 690 | _aBUILDING AND CONSTRUCTION-CASE LAW | ||
| 700 |
_aLLoyd, Humphrey _xEditor |
||
| 942 | _n0 | ||
| 948 | _c04/03/1997 | ||
| 999 |
_c88984 _d88984 |
||